La Guerra Carlista I : Los cruzados de la causa

Salvato in:
Dettagli Bibliografici
Autore principale: Valle-Inclán, Ramón María del
Natura: Libro
Lingua:Spanish
Pubblicazione: Madrid, España Espasa-Calpe 1979
Edizione:6
Soggetti:
Tags: Aggiungi Tag
Nessun Tag, puoi essere il primo ad aggiungerne!!

MARC

LEADER 00000nam a2200000Ia 4500
008 170316s9999 xx 000 0 spa d
999 |c 10593  |d 10593 
040 |a cru BVZT 
090 |a 862 V-7g v.1 
100 |a Valle-Inclán, Ramón María del 
130 |a Clásicos castellanos  |p 222 
245 |a La Guerra Carlista I : Los cruzados de la causa 
250 |a 6 
260 |a Madrid, España  |b Espasa-Calpe  |c 1979 
300 |a 115 páginas 
650 |a LITERATURA ESPAÑOLA  |9 23 
942 |c 15 D  |h 862 V-7g v.1  |2 z